Del cuento y sus alrededores : aproximaciones a una teoría del cuento /
Guardado en:
| Otros Autores: | , |
|---|---|
| Formato: | Libro |
| Publicado: |
Caracas :
Monte Ávila,
1997
|
| Edición: | 2a. ed. |
| Materias: | |
| Etiquetas: |
Agregar Etiqueta
Sin Etiquetas, Sea el primero en etiquetar este registro!
|
| LEADER | 00668nam a22002055a 4500 | ||
|---|---|---|---|
| 001 | EHU.bham044396 | ||
| 003 | AR-BHAM | ||
| 005 | 20161114104228.0 | ||
| 008 | 130507s1997##################000#0#####d | ||
| 020 | |a 9800109617 | ||
| 082 | 8 | 0 | |a 808.4 |
| 245 | 0 | 0 | |a Del cuento y sus alrededores : |b aproximaciones a una teoría del cuento / |c Comp. Por Carlos Pacheco, Luis Barrera Linares |
| 250 | |a 2a. ed. | ||
| 260 | |a Caracas : |b Monte Ávila, |c 1997 | ||
| 300 | |a 570 p. | ||
| 653 | |a Literatura-cuento | ||
| 653 | |a Cuento-teoría del | ||
| 700 | 1 | |a Barrera Linares, Luis, comp | |
| 700 | 1 | |a Pacheco, Carlos, comp | |
| 859 | |a AR-BHAM |b BIB. HUMANIDADES - General |h 808.4 |i C754 |p 655.16 |t Ej.1 | ||
